Martha Jean-Claude : (Record no. 12320)

MARC details
000 -LEADER
campo de control de longitud fija 01090cam a22003253a 4500
001 - NÚMERO DE CONTROL
campo de control 48988
005 - FECHA Y HORA DE LA ÚLTIMA TRANSACCIÓN
campo de control 20230410101711.0
008 - DATOS DE LONGITUD FIJA--INFORMACIÓN GENERAL
campo de control de longitud fija 000121s1999 qucac k 000 0bfre
020 ## - NÚMERO INTERNACIONAL ESTÁNDAR DEL LIBRO
Número Internacional Estándar del Libro 2894540728
050 14 - SIGNATURA TOPOGRÁFICA DE LA BIBLIOTECA DEL CONGRESO
Número de clasificación 110 ML 420
Número de ítem J43m 1999
245 00 - MENCIÓN DEL TÍTULO
Título Martha Jean-Claude :
Resto del título mwen se fanm de peyi = femme de deux iles /
Mención de responsabilidad, etc. [textes de Nicole Arcelin, Richard Mirabal, CIDIHCA].
246 03 - FORMA VARIANTE DEL TITULO
Título propio/Titulo breve Mwen se fanm de peyi
246 03 - FORMA VARIANTE DEL TITULO
Título propio/Titulo breve Femme de deux iles
260 ## - PUBLICACIÓN, DISTRIBUCIÓN, ETC.
Lugar de publicación, distribución, etc. Montréal :
Nombre del editor, distribuidor, etc. Editions du CIDIHCA,
Fecha de publicación, distribución, etc. [1999?]
300 ## - DESCRIPCIÓN FÍSICA
Extensión 59 p. :
Otras características físicas ill., ports. ;
Dimensiones 28 cm.
500 ## - NOTA GENERAL
Nota general Cover: Une rétrospective en images de l'itinéraire de Martha.
504 ## - NOTA DE BIBLIOGRAFÍA, ETC.
Nota de bibliografía, etc. Discogr.: p. 58.
600 10 - PUNTO DE ACCESO ADICIONAL DE MATERIA--NOMBRE DE PERSONA
Nombre de persona Jean-Claude, Martha,
Fechas asociadas al nombre 1919-
650 #0 - PUNTO DE ACCESO ADICIONAL DE MATERIA--TÉRMINO DE MATERIA
Término de materia o nombre geográfico como elemento de entrada Popular music
Subdivisión geográfica Haiti.
650 #0 - PUNTO DE ACCESO ADICIONAL DE MATERIA--TÉRMINO DE MATERIA
Término de materia o nombre geográfico como elemento de entrada Women singers
Subdivisión geográfica Haiti
Subdivisión de forma Biography.
650 #0 - PUNTO DE ACCESO ADICIONAL DE MATERIA--TÉRMINO DE MATERIA
Término de materia o nombre geográfico como elemento de entrada Women, Black
Subdivisión geográfica Haiti
Subdivisión de forma Biography.
650 #0 - PUNTO DE ACCESO ADICIONAL DE MATERIA--TÉRMINO DE MATERIA
Término de materia o nombre geográfico como elemento de entrada Women entertainers
Subdivisión geográfica Haiti
Subdivisión de forma Biography.
650 #4 - PUNTO DE ACCESO ADICIONAL DE MATERIA--TÉRMINO DE MATERIA
Término de materia o nombre geográfico como elemento de entrada CEH
650 #4 - PUNTO DE ACCESO ADICIONAL DE MATERIA--TÉRMINO DE MATERIA
Término de materia o nombre geográfico como elemento de entrada Colección Estudios Haitianos
700 1# - ENTRADA AGREGADA--NOMBRE PERSONAL
Nombre de persona Mirabal, Richard.
700 1# - ENTRADA AGREGADA--NOMBRE PERSONAL
Nombre de persona Arcelin, Nicole.
710 2# - ENTRADA AGREGADA--NOMBRE DE ENTIDAD CORPORATIVA
Nombre de entidad corporativa o nombre de jurisdicción como elemento de entrada CIDIHCA.
942 ## - ELEMENTOS DE ENTRADA SECUNDARIOS (KOHA)
Fuente del sistema de clasificación o colocación Clasificación de Library of Congress
Tipo de ítem Koha
994 ## -
-- C0
-- DRFGD
Holdings
Estatus retirado Estado de pérdida Fuente del sistema de clasificación o colocación Estado de daño No para préstamo Colección Biblioteca de origen Biblioteca actual Ubicación en estantería Fecha de adquisición Serial enumeration / chronology Signatura topográfica completa Código de barras Visto por última vez Copia número Tipo de ítem Koha
    Clasificación de Library of Congress     Recursos Regionales Biblioteca Juan Bosch Biblioteca Juan Bosch Recursos Regionales (2do. Piso) 10/04/2023 1 110 ML 420 J43m 1999 00000046306 23/10/2018 1